Die Entwicklung der Industrie in Südwestmähren bis 1914 (unter besonderer Berücksichtigung der Beziehungen mit den österreichischen Ländern)
| Titel: | Die Entwicklung der Industrie in Südwestmähren bis 1914 (unter besonderer Berücksichtigung der Beziehungen mit den österreichischen Ländern) |
|---|---|
| Verfasser: | |
| In: |
Kontakte und Konflikte, (1993), Seite 291-296 alle Artikel anzeigen |
| Veröffentlicht: | 1993 |
| Format: | Aufsatz |
| Sprache: | Deutsch |
X
alg: 39222280
001A $01999:11-11-16
001B $01999:26-04-21 $t20:16:05.000
001D $01999:11-11-16
001U $0utf8
001X $00
002@ $0Aox
003@ $0392222809
007A $0392222809 $aHEB
007T $0Herdc0042792m
010@ $ager
011@ $a1993
021A $aDie @Entwicklung der Industrie in Südwestmähren bis 1914 (unter besonderer Berücksichtigung der Beziehungen mit den österreichischen Ländern)
028A $aSmutný $dBohumír
031A $h291-296 $j1993
039B $aIn $8--Aauc--. @Kontakte und Konflikte. - Horn {[u.a.] : Waldviertler Heimatbund, 1993. - 553 S.. - Ill., graph. Darst., Kt.. - ISBN 3-900708-10-X $x199300000000000709 $9027138232
045F $a330.094371 $eDDC23BSB
045F/01 $a330.09
045F/03 $g4371
lok: 39222280 78
exp: 39222280 78 1 #EPN
201B/01 $028-05-18 $t22:45:34.000
201U/01 $0utf8
203@/01 $078831906X
208@/01 $a11-11-16 $be
209A/01 $a/ $f000 $x00
220C/01 $aTitelaufnehmer: nk;an
220C/01 $aHerkunft: HI Marburg
244Z/01 $#Tschechien $#Tschechische Republik $#Tschechische Republik $#Tschechenland $#Tschechei Tschechien $#Česká Republika $#Czech Republic $#ČR $74303381-7 $8--Tg1--Tschechien $x01 $9086659812
244Z/01 $2Trx $#Böhmen $#Bohemia $#Czechy $8--Trx--Čechy $x02 $9391188941
244Z/01 $#Mähren $#Markgrafschaft Mähren $#Kronland Mähren $#Morava $#Markrabství Moravské $#Moravia $#Mehren $#מעהרין $#מדינת מעהרין $74074432-2 $8--Tg1--Mähren $x03 $9085209619
244Z/01 $aGeschichte 1763-1914 $x04
244Z/01 $2Trx $#tööstus $#pramonė $#industry $#ipar $#przemysł $#priemysel $#průmysl $8--Trx--Industrie $x05 $9391373447
244Z/01 $2Trx $#turud $#turgūs $#markets $#piacok $#targi i jarmarki $#trhy $#trhy $#jarmarki $#trhy výročné $8--Trx--Märkte $x06 $9391366920
244Z/01 $2Trx $#suurettevõtted $#manufaktūros $#factories $#kézmüiparok $#manufaktury $#manufaktúry $#manufaktury $8--Trx--Manufakturen $x07 $939135969X
244Z/01 $2Trx $8--Trx--Einzelbeiträge $x08 $9391384570
245Z/01 $a09.04 $x01
247C/01 $82080>Marburg/Lahn, Herder-Institut, Forschungsbibliothek, Bibliographieportal $9336309341
| LEADER | 00000caa a22000002c 4500 | ||
|---|---|---|---|
| 001 | 392222809 | ||
| 003 | DE-603 | ||
| 005 | 20210426201605.0 | ||
| 007 | tu | ||
| 008 | 161111s1993 xx |||| | u00||u|ger c | ||
| 035 | |a (DE-599)HEB392222809 | ||
| 040 | |a DE-603 |b ger |c DE-603 |d DE-603 | ||
| 041 | |a ger | ||
| 082 | 0 | 4 | |8 1\u |a 330.094371 |q DE-101 |2 23/BSB |
| 085 | |8 1\u |b 330.09 | ||
| 085 | |8 1\u |z 2 |s 4371 | ||
| 100 | 1 | |a Smutný, Bohumír | |
| 245 | 0 | 0 | |a Die Entwicklung der Industrie in Südwestmähren bis 1914 (unter besonderer Berücksichtigung der Beziehungen mit den österreichischen Ländern) |
| 264 | 0 | |c 1993 | |
| 773 | 0 | 8 | |i In |t Kontakte und Konflikte |d Horn [u.a.] : Waldviertler Heimatbund, 1993 |h 553 S., Ill., graph. Darst., Kt. |z 390070810X |g (1993), Seite 291-296 |w (DE-603)027138232 |
| 924 | 0 | |9 2080 |a (DE-603)78831906X |b DE-2080 |c HES |d d |g / | |


